000 01036nam a22002415i 4500
001 177899
003 ES-MaACL
005 20251103200238.0
008 110505s1942 sp |||| | spa d
080 _a94(460)"1700-1746"
080 _a929 Alberoni, Giulio
100 1 _aFerrandis Torres, Manuel.
_950268
245 1 3 _aUn ministro italiano en la corte de Felipe V
_b: Alberoni : conferencia pronunciada el día 24 de enero de 1942, en la apertura de cursos de la Sección de Valladolid /
_cpor Manuel Ferrandis Torres.
260 _aMadrid :
_bIstituto Italiano di Cultura in Spagna,
_c1942.
300 _a19 ;
_c25 cm.
490 1 _aQuaderni dell'Istituto Italiano di Cultura in Spagna ;
_v5
600 1 4 _aAlberoni, Giulio,
_d1664-1752
_919302
651 4 _aEspaña-
_xHistoria-
_y1700-1746, Felipe V.
_98237
710 0 _aIstituto Italiano di Cultura (Madrid)
_95298
830 0 _aQuaderni dell'Istituto Italiano di Cultura in Spagna ;
_v5
_9190645
852 _aES-MaACL
_j2289-F-11
_xOlim P-914
999 _c177899
_d177899